państwa z największą ilością protestantów - Statystyki

Ogólne statystyki
  • Ten quiz został rozwiązany 128 razy
  • Średni wynik to 5 z 10
Statystyki odpowiedzi
Hint Odpowiedź % Poprawnych
28,6 Niemcy
87%
33,8 Wielka Brytania
77%
36,5 RPA
54%
58 Chiny
50%
18,9 Indie
50%
40,5 Brazylia
43%
59,7 Nigeria
39%
159,8 USA
32%
24,1 Kenia
22%
31,7 DRP
2%
Nie znaleziono quizów pasujących do podanych kryteriów
Rozkład punktacji
Procent ludzi z każdym wynikiem
Percentyl według liczby udzielonych odpowiedzi
Twoja historia wyników
Nie rozwiązałeś tego quizu